[Event "XXV OOM - Mistrzostwa Polski Juniorow Mlodszych - Dziewczeta do lat 14"]
[Site "Sielpia"]
[Date "1899-12-30"]
[Round "4.17"]
[White "Dallemura, Anna"]
[Black "Baran, Dagmara"]
[Result "1-0"]
[WhiteTitle "I"]
[BlackTitle "I"]
[WhiteElo "1482"]
[BlackElo "1244"]

1. e4 e6 2. d4 d5 3. Nc3 Bb4 4. e5 c5 5. Bb5+ Bd7 6. Bxd7+ Qxd7 7. dxc5 Bxc5 8.
Nf3 Nc6 9. O-O Nge7 10. Na4 b6 11. b3 Ng6 12. Bb2 O-O 13. Re1 Qc7 14. Qe2 Rad8
15. Rad1 Rfe8 16. Nc3 Qb7 17. Na4 Rc8 18. Nxc5 bxc5 19. Rb1 a6 20. a3 Qb5 21.
Qxb5 axb5 22. Bc1 h6 23. Bd2 Rb8 24. g3 Nge7 25. a4 bxa4 26. bxa4 Rxb1 27. Rxb1
Rb8 28. Rxb8+ Nxb8 29. Ne1 Nec6 30. f4 Na6 31. Kf2 Kf8 32. Ke3 c4 33. Bc3 Ke7
34. Nf3 Kd7 35. Nd4 Nxd4 36. Kxd4 Kc6 37. Be1 h5 38. h3 Nc5 39. a5 Kb5 40. f5
Nb7 41. fxe6 fxe6 42. Ke3 Nd8 43. g4 g6 44. gxh5 gxh5 45. Kf4 Nf7 46. Bc3 Kc5
47. Kg3 Nh6 48. Kh4 Nf5+ 49. Kxh5 d4 50. Bd2 Kb5 51. Kg5 Ne3 52. c3 Nf1 53. Be1
d3 54. h4 Nh2 55. Kf4 Nf1 56. h5 d2 57. Bxd2 Nxd2 58. h6 Kxa5 59. h7 Ka4 60. h8=Q
Kb3 61. Qf6 Kxc3 62. Qxe6 Kb2 63. Qb6+ Nb3 64. e6 c3 65. e7 c2 66. Qf2 Kb1 67.
Qxc2+ Kxc2 68. e8=Q Kc3 69. Qc6+ Kd3 70. Qd5+ Kc2 71. Ke3 Kb2 72. Qc4 Ka1 73.
Ke2 Kb2 74. Kd1 Ka1 75. Kc2 Nc1 76. Qa4+ Na2 77. Qd4+ Nc3 78. Qxc3+ 1-0

[Event "XXV OOM - Mistrzostwa Polski Juniorow Mlodszych - Dziewczeta do lat 14"]
[Site "Sielpia"]
[Date "1899-12-30"]
[Round "4.18"]
[White "Matusik, Zuzanna"]
[Black "Arciszewska, Zuzanna"]
[Result "1/2-1/2"]
[WhiteTitle "I"]
[BlackTitle "I"]
[WhiteElo "1226"]
[BlackElo "1370"]

1. e4 c5 2. c4 Nc6 3. g3 e6 4. Bg2 Nf6 5. d3 Be7 6. Ne2 d6 7. Nbc3 a6 8. O-O O-O
9. h3 Qc7 10. b3 b6 11. Be3 Bb7 12. Qd2 Rad8 13. Qc1 d5 14. exd5 exd5 15. cxd5
Nb4 16. Nf4 Nbxd5 17. Nfxd5 Nxd5 18. Nxd5 Bxd5 19. Bxd5 Rxd5 20. Qd1 Qd7 21. Kh2
Rxd3 22. Qe2 Rd8 23. Rfe1 Bf6 24. Rac1 h6 25. Bf4 Bc3 26. Rf1 Re8 27. Qh5 Rd5
28. Qf3 Be5 29. Rce1 Qd6 30. Qe2 b5 31. a4 Re6 32. Be3 Bd4 33. Qf3 Bxe3 34. Rxe3
Rxe3 35. Qxe3 Qe5 36. Qf3 Qh5 37. Qe3 Rd1 38. Rxd1 Qxd1 39. Qe8+ Kh7 40. Qxf7
Qc2 41. axb5 axb5 42. h4 c4 43. bxc4 bxc4 44. g4 Qe4 45. Kh3 c3 46. f3 Qe5 47.
Qc4 Qe3 48. Qf7 Qc5 49. h5 Qc8 50. Qg6+ Kh8 51. Qc2 Qc6 52. Kg2 Qc4 53. Kg3 Qd4
54. Qe2 Qa4 55. Qe6 Qa8 56. Qc4 Qa5 57. Qc6 Qe5+ 58. Kh3 Qf6 59. Qe8+ Kh7 60.
Qe4+ Kg8 61. Qe8+ Qf8 62. Qe6+ Kh8 63. Qc6 c2 64. Qxc2 Qxf3+ 65. Kh4 Qh1+ 66.
Kg3 Qe1+ 67. Qf2 Qe7 68. Qc2 Qe3+ 69. Kg2 Qe6 70. Kg3 1/2-1/2

[Event "XXV OOM - Mistrzostwa Polski Juniorow Mlodszych - Dziewczeta do lat 14"]
[Site "Sielpia"]
[Date "1899-12-30"]
[Round "4.19"]
[White "Olszewska, Wiktoria"]
[Black "Bychowska, Marta"]
[Result "1-0"]
[WhiteTitle "I"]
[BlackTitle "II"]
[WhiteElo "1306"]
[BlackElo "1235"]

1. e4 c5 2. Nf3 d6 3. Bb5+ Bd7 4. Bxd7+ Nxd7 5. O-O Ngf6 6. Qe2 e6 7. c3 Qb6 8.
d4 cxd4 9. cxd4 Be7 10. Nc3 O-O 11. h3 Rac8 12. Be3 Qc6 13. Bf4 a6 14. Rac1 Qb6
15. Rfd1 Rfe8 16. e5 Nh5 17. Bh2 g6 18. Na4 Qb4 19. Nc3 d5 20. Rd2 Nb6 21. Rdc2
Rcd8 22. a3 Qc4 23. Qe3 Qc6 24. Ne2 Nc4 25. Qd3 Qb6 26. b4 Bf8 27. Nd2 Nxd2 28.
Qxd2 Ng7 29. Nc3 Nf5 30. Rd1 Bh6 31. f4 Rc8 32. g4 Ne7 33. Na4 Rxc2 34. Qxc2 Nc8
35. Nxb6 Nxb6 36. Qc7 Nc4 37. Qxb7 Nxa3 38. Qxa6 Nc4 39. b5 Rb8 40. Rb1 g5 41.
f5 Bf8 42. fxe6 fxe6 43. Qxe6+ Kh8 44. Qxd5 Ne3 45. Qf7 Bg7 46. e6 Bxd4 47. Bxb8
Nxg4+ 48. Kh1 Nf2+ 49. Kg2 Nxh3 50. Kxh3 g4+ 51. Kxg4 h5+ 52. Kxh5 Bf6 53. Qxf6+
Kg8 54. Rg1+ Kh7 55. Qg7# 1-0

[Event "XXV OOM - Mistrzostwa Polski Juniorow Mlodszych - Dziewczeta do lat 14"]
[Site "Sielpia"]
[Date "1899-12-30"]
[Round "4.20"]
[White "Szczotka, Matylda"]
[Black "Bukala, Weronika"]
[Result "1/2-1/2"]
[WhiteTitle "I"]
[BlackTitle "I"]
[WhiteElo "1301"]
[BlackElo "1234"]

1. e4 Nf6 2. Nc3 d5 3. exd5 Nxd5 4. Nf3 Nxc3 5. dxc3 Qxd1+ 6. Kxd1 Bg4 7. Be2 Nc6
8. Bf4 O-O-O 9. Ke1 f6 10. Rd1 Rxd1+ 11. Kxd1 e5 12. Be3 Bd6 13. h3 Be6 14. a3
Rd8 15. Kc1 Na5 16. Nd2 f5 17. f3 b6 18. Bd3 c5 19. Re1 c4 20. Bf1 Bd5 21. Bf2
e4 22. fxe4 fxe4 23. Nxe4 Bf4+ 24. Be3 Bc7 25. Bd2 Rf8 26. Ng5 Bg3 27. Rd1 h6
28. Nf3 Rxf3 29. gxf3 Bxf3 30. Be3 Bxd1 31. Kxd1 Be5 32. Bg2 Nb7 33. Bd5 Nd6 34.
Ke2 Kd7 35. Kf3 Bf6 36. a4 Kc7 37. Bf4 Kd7 38. Bxd6 Kxd6 39. Bxc4 Ke5 40. Bd3
Kd6 41. Ke4 Kc6 42. Kf5 a5 43. Ke6 Bg5 44. Bc4 Kc5 45. Bd3 Bf6 46. Be4 Bg5 47.
Bd3 Bf6 48. Be2 Bg5 49. Bf3 Bf6 50. Kd7 b5 51. axb5 Kxb5 52. Kd6 a4 53. Bc6+ Ka5
54. Kc5 Be5 55. Kc4 a3 56. bxa3 Bd6 57. Kb3 Kb6 58. Be4 Bc5 59. Bd3 g5 60. Bg6
Bd6 61. c4 Bc5 62. c3 Ka5 63. Be8 Bd6 64. a4 Bc5 65. Kc2 h5 66. Kd3 g4 67. hxg4
hxg4 68. Ke2 Bd6 69. Kf2 g3+ 70. Kg2 Bc7 71. Bb5 Kb6 72. Kf3 Kc5 73. Kg2 Kb6 1/2-1/2

[Event "XXV OOM - Mistrzostwa Polski Juniorow Mlodszych - Dziewczeta do lat 14"]
[Site "Sielpia"]
[Date "1899-12-30"]
[Round "4.21"]
[White "Reszka, Zofia"]
[Black "Garbowska, Maja"]
[Result "1/2-1/2"]
[WhiteTitle "I"]
[BlackTitle "I"]
[WhiteElo "1199"]
[BlackElo "1293"]

1. e4 e5 2. Nf3 Nc6 3. Nc3 g6 4. Bb5 Bg7 5. d3 a6 6. Ba4 d6 7. O-O Nf6 8. h3 Bd7
9. Be3 O-O 10. Qd2 Nh5 11. Bh6 f5 12. Bb3+ Kh8 13. Bxg7+ Kxg7 14. exf5 Rxf5 15.
Qe3 Nf4 16. Nd5 Nxd5 17. Bxd5 Qe7 18. Bxc6 Bxc6 19. Nd4 Rh5 20. Nxc6 bxc6 21.
d4 Re8 22. Rfe1 Qf6 23. Re2 Rf8 24. Rd1 exd4 25. Rxd4 Re5 26. Re4 Rfe8 27. Qd3
Qf5 28. Rxe5 Rxe5 29. Rxe5 Qxd3 30. cxd3 dxe5 31. Kf1 Kf6 32. Ke2 Ke6 33. Ke3
Kd5 34. h4 h5 35. f3 c5 36. b3 c6 37. a3 a5 38. a4 Ke6 39. Ke4 Kf6 40. g4 Ke6
41. gxh5 gxh5 42. f4 exf4 43. Kxf4 Kf6 44. Ke4 Ke6 45. d4 cxd4 46. Kxd4 Kd6 47.
Kc4 Kc7 48. Kc5 Kb7 49. Kd4 Kc7 50. Kc5 Kb7 51. Kd4 Kc7 52. Kc5 Kb7 53. Kd4 Kc7
54. Ke5 Kb7 1/2-1/2

[Event "XXV OOM - Mistrzostwa Polski Juniorow Mlodszych - Dziewczeta do lat 14"]
[Site "Sielpia"]
[Date "1899-12-30"]
[Round "4.22"]
[White "Grzyb, Anna"]
[Black "Walendykiewicz, Martyna"]
[Result "1-0"]
[WhiteTitle "I"]
[BlackTitle "I"]
[WhiteElo "1266"]
[BlackElo "1175"]

1. e4 e5 2. Bc4 Nf6 3. d4 exd4 4. Nf3 d6 5. Qxd4 Nc6 6. Bb5 Bd7 7. Bxc6 Bxc6 8.
Bg5 Be7 9. Nc3 h6 10. Bh4 Qd7 11. O-O-O Qg4 12. Nd5 Nxd5 13. exd5 Bd7 14. Qe3
g5 15. Rhe1 Be6 16. dxe6 fxe6 17. Rd4 Qf5 18. Re4 Rh7 19. Rxe6 Qf8 20. Nxg5 hxg5
21. Bxg5 Kd7 22. Rxe7+ Rxe7 23. Qxe7+ Qxe7 24. Rxe7+ Kc6 25. f4 Rg8 26. h4 d5
27. g4 Kd6 28. Re5 c6 29. h5 a6 30. h6 Rh8 31. Be7+ Kd7 32. g5 Rh7 33. Bf6 Kd6
34. Re7 Rxe7 35. Bxe7+ Kxe7 36. h7 1-0

[Event "XXV OOM - Mistrzostwa Polski Juniorow Mlodszych - Dziewczeta do lat 14"]
[Site "Sielpia"]
[Date "1899-12-30"]
[Round "4.23"]
[White "Kulpa, Karolina"]
[Black "Scisla, Oliwia"]
[Result "1/2-1/2"]
[WhiteTitle "I"]
[BlackTitle "I++"]
[WhiteElo "1381"]
[BlackElo "1413"]

1. d4 c5 2. d5 e5 3. dxe6 dxe6 4. Qxd8+ Kxd8 5. Nc3 Nc6 6. Nf3 Nb4 7. Bg5+ f6 8.
O-O-O Kc7 9. Bf4+ e5 10. Bg3 Be6 11. a3 Nc6 12. e3 a6 13. Be2 Nh6 14. Nd5+ Bxd5
15. Rxd5 Be7 16. Rhd1 Rad8 17. h3 Nf5 18. Bh2 b5 19. g4 Nd6 20. Nd2 Nb7 21. Ne4
Rxd5 22. Rxd5 Rd8 23. Rxd8 Bxd8 24. c4 b4 25. Kc2 a5 26. a4 Be7 27. b3 Kb6 28.
Bd3 g6 29. Nd2 Nd6 30. Ne4 Nxe4 31. Bxe4 Bd6 32. Bg3 Ne7 33. Bh4 g5 34. Bg3 h6
35. Bd3 Kc6 36. Be4+ Kd7 37. Kd2 Ke6 38. Bf3 f5 39. gxf5+ Nxf5 40. Bg4 Kf6 41.
Ke2 Nxg3+ 42. fxg3 e4 43. Kf2 Be5 44. Be2 Kg6 45. g4 Kf6 1/2-1/2

[Event "XXV OOM - Mistrzostwa Polski Juniorow Mlodszych - Dziewczeta do lat 14"]
[Site "Sielpia"]
[Date "1899-12-30"]
[Round "4.24"]
[White "Retz, Agnieszka"]
[Black "Uliasz, Katarzyna"]
[Result "1/2-1/2"]
[WhiteTitle "II+"]
[BlackTitle "I"]
[WhiteElo "1263"]
[BlackElo "1270"]

1. e4 c5 2. Nf3 e6 3. c4 a6 4. Nc3 Nc6 5. Be2 Qc7 6. d4 cxd4 7. Nxd4 Nf6 8. a3
d6 9. h3 Be7 10. O-O O-O 11. Be3 Rd8 12. Qb3 Na5 13. Qa2 Bd7 14. Rac1 Rac8 15.
b3 Qb8 16. Bd3 Be8 17. b4 Nc6 18. Rfd1 Ne5 19. Be2 Qc7 20. f3 Nxc4 21. Nb1 d5
22. exd5 exd5 23. Nf5 Qe5 24. Nxe7+ Qxe7 25. Bc5 Qe6 26. Bxc4 dxc4 27. Re1 Qc6
28. Qf2 b5 29. Qg3 Nd5 30. Qe5 Qf6 31. Qxf6 gxf6 32. Red1 Bc6 33. Nc3 Nxc3 34.
Rxd8+ Rxd8 35. Rxc3 Rd3 36. Rxd3 cxd3 37. Kf2 Bd5 38. Ke3 Bc4 39. g4 Kg7 40. Bd4
Kg6 41. f4 f5 42. Bc5 fxg4 43. hxg4 h5 44. gxh5+ Kxh5 45. Bd6 Kg4 46. Be5 Kf5
47. Bc3 Ke6 48. Kd4 Kd6 49. Ke4 Ke6 50. f5+ Kd6 51. Kd4 Ba2 52. Bd2 Bb1 53. Bf4+
Ke7 54. Bd2 Kf6 55. Ke4 Bc2 56. Kf4 Ke7 57. Bc3 Kd6 58. Bd2 Kd5 59. f6 Kd4 60.
Kf3 Kc4 61. Ke3 Kd5 62. Bc3 Kc4 63. Bd2 Bb1 64. Ke4 Kb3 65. Kd4 Kxa3 66. Kc3 Bc2
67. Kd4 Kb3 68. Bc3 Bb1 69. Bd2 Kc2 70. Ke3 Ba2 71. Be1 Bc4 72. Bd2 Kb3 73. Kd4
Kc2 74. Ke3 Ba2 75. Be1 Bb1 76. Bd2 Kb3 77. Kd4 Bc2 78. Be1 Kb2 79. Bd2 Ka3 80.
Kc5 Bb1 81. Be1 Kb2 82. Kd4 Bc2 83. Bd2 Kb3 84. Be1 Bb1 85. Bd2 Kc2 86. Ke3 Ba2
87. Be1 Be6 88. Bd2 Bf5 89. Be1 Kb3 90. Kd4 Ka4 91. Kc5 Be6 92. Bd2 Ka3 93. Be1
Kb2 94. Kd4 Bc4 95. Bd2 Kc2 1/2-1/2

[Event "XXV OOM - Mistrzostwa Polski Juniorow Mlodszych - Dziewczeta do lat 14"]
[Site "Sielpia"]
[Date "1899-12-30"]
[Round "4.25"]
[White "Franek, Diana"]
[Black "Kaznowska, Kinga"]
[Result "1-0"]
[WhiteTitle "II"]
[BlackTitle "II+"]
[WhiteElo "1256"]
[BlackElo "1037"]

1. e4 Nf6 2. e5 Nd5 3. d4 d6 4. c4 Nb6 5. exd6 exd6 6. Nc3 Nc6 7. d5 Ne5 8. b3
Be7 9. h3 O-O 10. Nf3 Bf6 11. Nxe5 Bxe5 12. Bd2 Re8 13. Be2 Qe7 14. Rc1 Bf5 15.
Be3 Bxc3+ 16. Rxc3 Qf6 17. Bd4 Qe7 18. Rg3 Bg6 19. Re3 Qg5 20. O-O Rxe3 21. Bxe3
Qe7 22. Re1 Re8 23. Bd3 Bxd3 24. Qxd3 Qe4 25. Bd2 Qxe1+ 26. Bxe1 Rxe1+ 27. Kh2
h6 28. Qd2 Re7 29. Qa5 a6 30. c5 dxc5 31. Qxc5 Rd7 32. d6 Rxd6 33. Qxc7 Rf6 34.
Qxb7 Kh7 35. Qxa6 Nd5 36. Qd3+ Kh8 37. Qxd5 Kg8 38. f3 Kh7 39. a4 Kg8 40. a5 Kh7
41. b4 Kg8 42. b5 Kh7 43. b6 Rxb6 44. axb6 Kg8 45. b7 Kh7 46. Qxf7 h5 47. Qxh5+
Kg8 48. b8=R# 1-0

[Event "XXV OOM - Mistrzostwa Polski Juniorow Mlodszych - Dziewczeta do lat 14"]
[Site "Sielpia"]
[Date "1899-12-30"]
[Round "4.26"]
[White "Sivickis, Kornelia"]
[Black "Szewc, Dobromila"]
[Result "1/2-1/2"]
[WhiteTitle "I"]
[BlackTitle "I"]
[WhiteElo "1209"]
[BlackElo "1036"]

1. e4 e5 2. Nf3 Nc6 3. Bc4 Bc5 4. d3 Nf6 5. c3 a5 6. O-O d6 7. Be3 Ba7 8. h3 O-O
9. Re1 Re8 10. Nbd2 Ne7 11. Nf1 Ng6 12. Ng3 c6 13. Bb3 d5 14. exd5 Nxd5 15. Bxa7
Rxa7 16. d4 exd4 17. Qxd4 Ra8 18. Rxe8+ Qxe8 19. Bxd5 cxd5 20. Qxd5 Nf4 21. Qd2
Ng6 22. Re1 Be6 23. b3 Rd8 24. Qe3 Qc6 25. c4 Qd6 26. Qc3 b6 27. Qe3 Nf4 28. Qe5
Qxe5 29. Rxe5 Nd3 30. Rb5 Rb8 31. Ng5 Nc5 32. Nxe6 Nxe6 33. Rd5 g6 34. a3 Nc5
35. b4 axb4 36. axb4 Na4 37. Ne4 Nb2 38. c5 bxc5 39. bxc5 Rc8 40. Rd6 Kf8 41.
c6 Nc4 42. Rd7 Ne5 43. Rd1 Nxc6 44. Rc1 Ne7 45. Rxc8+ Nxc8 46. Nf6 h5 47. Nd7+
Ke7 48. Nc5 Kf6 49. Kf1 Ke5 50. Ke2 Kd4 51. Nd3 Nd6 52. Ne1 Ke4 53. Nf3 f6 54.
Nd2+ Kf4 55. g3+ Kg5 56. Kf1 1/2-1/2

[Event "XXV OOM - Mistrzostwa Polski Juniorow Mlodszych - Dziewczeta do lat 14"]
[Site "Sielpia"]
[Date "1899-12-30"]
[Round "5.1"]
[White "Wikar, Martyna"]
[Black "Starosta, Martyna"]
[Result "1-0"]
[WhiteTitle "k"]
[BlackTitle "WCM"]
[WhiteElo "2044"]
[BlackElo "1672"]

1. e4 e5 2. Nf3 Nc6 3. Bc4 Nf6 4. d3 Bc5 5. O-O a6 6. a4 d6 7. c3 Ba7 8. Nbd2 h6
9. a5 O-O 10. h3 Ne7 11. Bb3 Ng6 12. d4 Re8 13. Re1 b5 14. axb6 Bxb6 15. Nc4 Bb7
16. Nxb6 cxb6 17. Bc2 Rc8 18. Bb1 Qc7 19. Ra3 b5 20. d5 Nd7 21. Nh2 Qd8 22. Ng4
Kh7 23. Ne3 Nc5 24. g3 Qf6 25. Ng4 Qe7 26. Qf3 Rc7 27. Kg2 Bc8 28. Rh1 Rh8 29.
Ne3 Kg8 30. Bc2 Nd7 31. h4 Nf6 32. Bd2 h5 33. Nf5 Qf8 34. Bg5 Ng4 35. Qd3 f6 36.
Bd2 Kh7 37. f3 Nh6 38. Ne3 Ra7 39. c4 Bd7 40. b3 Qb8 41. Rha1 Qb7 42. Nd1 Rc8
43. Be3 Raa8 44. Ra5 b4 45. Nb2 Nf8 46. Qd2 Nf7 47. Nd3 Rcb8 48. c5 Bc8 49. c6
Qc7 50. Nxb4 Rb6 51. Bd3 Rab8 52. Nxa6 Bxa6 53. Bxb6 1-0

[Event "XXV OOM - Mistrzostwa Polski Juniorow Mlodszych - Dziewczeta do lat 14"]
[Site "Sielpia"]
[Date "1899-12-30"]
[Round "5.2"]
[White "Barwinska, Ewa"]
[Black "Lukasik, Zuzanna"]
[Result "1-0"]
[WhiteTitle "I++"]
[BlackTitle "I++"]
[WhiteElo "1622"]
[BlackElo "1618"]

1. e4 e6 2. d4 d5 3. Nc3 dxe4 4. Nxe4 Nd7 5. Nf3 Ngf6 6. Bg5 Be7 7. Bxf6 Bxf6 8.
Bd3 O-O 9. O-O Be7 10. Qe2 c5 11. dxc5 Nxc5 12. Nxc5 Bxc5 13. Rad1 Qf6 14. Qe4
g6 15. c3 a6 16. Bc2 Re8 17. Ba4 Rf8 18. Rfe1 Rb8 19. Bd7 b5 20. Bxc8 Rfxc8 21.
a3 Bb6 22. h3 Rc4 23. Qe5 Qf4 24. g3 Qxe5 25. Nxe5 Rcc8 26. Nd7 Rb7 27. Nxb6 Rxb6
28. Rd7 a5 29. Red1 Rbc6 30. Ra7 a4 31. Rdd7 Rf8 32. Rdb7 Rc5 33. Ra5 Rd5 34.
Rbxb5 Rd1+ 35. Kg2 h5 36. Rxa4 Rfd8 37. Rf4 R8d7 38. a4 Kg7 39. a5 Ra1 40. Rd4
Ra7 41. b4 Rc1 42. c4 Rc7 43. a6 Ra7 44. Ra5 f6 45. b5 e5 46. b6 exd4 47. bxa7
1-0

[Event "XXV OOM - Mistrzostwa Polski Juniorow Mlodszych - Dziewczeta do lat 14"]
[Site "Sielpia"]
[Date "1899-12-30"]
[Round "5.3"]
[White "Goraj, Barbara"]
[Black "Zabrzanska, Weronika"]
[Result "1/2-1/2"]
[WhiteTitle "I++"]
[BlackTitle "I++"]
[WhiteElo "1824"]
[BlackElo "1763"]

1. e4 e5 2. Nf3 Nc6 3. Nc3 Nf6 4. a3 d6 5. d4 Bg4 6. Bb5 Nd7 7. Bxc6 bxc6 8. h3
Bxf3 9. gxf3 exd4 10. Qxd4 Qf6 11. Qxf6 Nxf6 12. Bg5 Be7 13. Rg1 g6 14. O-O-O
O-O-O 15. Rd3 Rhe8 16. Rgd1 Nd7 17. Bxe7 Rxe7 18. Ne2 Ne5 19. Rc3 c5 20. f4 Nc6
21. Ng3 Nd4 22. Re3 Rde8 23. Rde1 Kd7 24. Kd1 Ne6 25. Rf3 Nd4 26. Rfe3 Ne6 27.
Rf3 Nd4 28. Rfe3 Ne6 29. Rf3 Nd4 30. Rfe3 1/2-1/2

[Event "XXV OOM - Mistrzostwa Polski Juniorow Mlodszych - Dziewczeta do lat 14"]
[Site "Sielpia"]
[Date "1899-12-30"]
[Round "5.4"]
[White "Krzyzosiak, Anna"]
[Black "Krzyzosiak, Marta"]
[Result "1/2-1/2"]
[WhiteTitle "I++"]
[BlackTitle "I++"]
[WhiteElo "1528"]
[BlackElo "1626"]

1. e4 c5 2. Nf3 d6 3. d4 cxd4 4. Nxd4 Nf6 5. Nc3 a6 6. Bc4 e6 7. Bb3 Be7 8. O-O
b5 9. f4 Bb7 10. e5 dxe5 11. fxe5 Bc5 12. Be3 Nc6 13. exf6 Bxd4 14. Qe1 Bxe3+
15. Qxe3 Qd4 16. Rae1 gxf6 17. Nd5 Rd8 18. Nxf6+ Ke7 19. Ne4 Qxe3+ 20. Rxe3 Nd4
21. Nc5 Nxb3 22. Nxb7 Rd7 23. Rxb3 Rxb7 24. Rbf3 Rf8 25. Rc3 Rd8 26. Rcf3 Rf8
27. Rd3 Rd7 28. Rfd1 Rxd3 29. Rxd3 Rc8 30. c3 Rc5 31. Rh3 h5 32. Rh4 Rd5 33. Rf4
Rd2 34. Rf2 Rd1+ 35. Rf1 Rd5 36. Rf4 Rd1+ 37. Rf1 Rd3 38. Rf4 Rd2 39. Rf2 Rd1+
40. Rf1 Rd5 41. Rf4 1/2-1/2

[Event "XXV OOM - Mistrzostwa Polski Juniorow Mlodszych - Dziewczeta do lat 14"]
[Site "Sielpia"]
[Date "1899-12-30"]
[Round "5.5"]
[White "Nowak, Roksana"]
[Black "Kucharska, Helena"]
[Result "0-1"]
[WhiteTitle "I"]
[BlackTitle "I"]
[WhiteElo "1356"]
[BlackElo "1385"]

1. f4 d5 2. Nf3 g6 3. e3 Bg7 4. Be2 c5 5. O-O Nf6 6. Bb5+ Bd7 7. Bxd7+ Nbxd7 8.
d4 O-O 9. Nc3 e6 10. Re1 Ne4 11. Nxe4 dxe4 12. Ng5 cxd4 13. exd4 Nf6 14. c3 Nd5
15. Nxe4 Qc7 16. Qf3 b5 17. Nc5 b4 18. Bd2 a5 19. Qe4 Rfe8 20. g3 Reb8 21. Rab1
Bf8 22. cxb4 axb4 23. Rec1 Qd6 24. Ra1 Bg7 25. Kh1 Nf6 26. Qe5 Qc6+ 27. Kg1 Ng4
28. Qe4 Qxe4 29. Nxe4 Bxd4+ 30. Kg2 Bxb2 31. h3 Bxa1 32. Rxa1 Nh6 33. g4 f5 34.
Nf6+ Kg7 35. g5 Ng8 36. Nxg8 Kxg8 37. Kf3 b3 38. a4 b2 39. Rb1 Rxa4 0-1

[Event "XXV OOM - Mistrzostwa Polski Juniorow Mlodszych - Dziewczeta do lat 14"]
[Site "Sielpia"]
[Date "1899-12-30"]
[Round "5.6"]
[White "Rejniak, Zuzanna"]
[Black "Jedrzejko, Martyna"]
[Result "1-0"]
[WhiteTitle "k"]
[BlackTitle "I"]
[WhiteElo "1904"]
[BlackElo "1466"]

1. e4 e5 2. Nf3 Nc6 3. Bc4 Bc5 4. d3 Nf6 5. O-O d6 6. c3 O-O 7. Nbd2 a6 8. Bb3
Ba7 9. Bc2 Re8 10. h3 h6 11. Re1 Ne7 12. Nf1 Ng6 13. Ng3 c6 14. d4 Qc7 15. Be3
Be6 16. Qd2 Qe7 17. Nf5 Qf8 18. g4 exd4 19. Bxd4 Bxd4 20. Qxd4 Bxf5 21. exf5 c5
22. Qd2 Ne5 23. Nxe5 dxe5 24. Be4 Rad8 25. Qc2 Qe7 26. Bg2 Qc7 27. Rad1 Rxd1 28.
Qxd1 e4 29. Qa4 Qf4 30. Qb3 Qc7 31. c4 Kf8 32. Qe3 Qc6 33. Qf4 b5 34. cxb5 Qxb5
35. b3 Qa5 36. Re2 Qb5 37. Qd2 Kg8 38. Qe1 Qc6 39. Qc1 Qb5 40. Rc2 Re5 41. Rc4
Qa5 42. Ra4 Qb5 43. Bf1 Qd7 44. Rxa6 Qd4 45. Qc4 e3 46. Ra8+ Kh7 47. Qxd4 cxd4
48. fxe3 dxe3 49. Be2 Nd5 50. Kf1 Nc3 51. a4 Ne4 52. b4 Ng3+ 53. Ke1 Re4 54. b5
Rb4 55. Re8 Rb1+ 56. Bd1 e2 57. Rxe2 Nxe2 58. Kxe2 Rb4 59. Kd3 Rb1 60. Bc2 Rh1
61. b6 1-0

[Event "XXV OOM - Mistrzostwa Polski Juniorow Mlodszych - Dziewczeta do lat 14"]
[Site "Sielpia"]
[Date "1899-12-30"]
[Round "5.7"]
[White "Hertlein, Irena"]
[Black "Bugaj, Hanna"]
[Result "1/2-1/2"]
[WhiteTitle "I+"]
[BlackTitle "I"]
[WhiteElo "1713"]
[BlackElo "1363"]

1. c4 Nf6 2. g3 g6 3. Bg2 c6 4. Nf3 Bg7 5. O-O O-O 6. Nc3 d5 7. d4 Ne4 8. cxd5
cxd5 9. Qb3 Nxc3 10. Qxc3 Nc6 11. b3 Qd7 12. Bd2 b6 13. Rfc1 Bb7 14. Qb2 Rfc8
15. Rc2 Ba6 16. Bf1 Qg4 17. Be3 Nb4 18. Rxc8+ Rxc8 19. Rc1 Rxc1 20. Qxc1 Qc8 21.
Qa3 Nc6 22. Qc1 Nb4 23. Qa3 Nc6 24. Qc1 Nb4 25. Qa3 Nc6 1/2-1/2

[Event "XXV OOM - Mistrzostwa Polski Juniorow Mlodszych - Dziewczeta do lat 14"]
[Site "Sielpia"]
[Date "1899-12-30"]
[Round "5.8"]
[White "Skolska, Emilia"]
[Black "Obrochta, Lena"]
[Result "1-0"]
[WhiteTitle "I"]
[BlackTitle "I+"]
[WhiteElo "1300"]
[BlackElo "1704"]

1. e4 e5 2. Nf3 d6 3. Bc4 Be7 4. Nc3 Nf6 5. O-O O-O 6. d4 exd4 7. Nxd4 c6 8. a4
a5 9. Bf4 Na6 10. Re1 Qb6 11. Nb3 Bg4 12. Qd4 c5 13. Qd2 Nb4 14. Nb5 Rad8 15.
c3 Na6 16. h3 Bh5 17. Bd5 Bg6 18. Qe2 Nxd5 19. exd5 Bf6 20. Nd2 Nb8 21. Nc4 Qa6
22. Bxd6 Rxd6 23. Ncxd6 Nd7 24. Ne4 Be5 25. Rad1 h6 26. d6 Qc6 27. Qc4 b6 28.
Qd5 Qxd5 29. Rxd5 f6 30. Rdd1 Bf7 31. Nd2 f5 32. Nf3 Bf6 33. Rd2 Bc4 34. Nc7 Bf7
35. Nd5 Bxd5 36. Rxd5 g6 37. Re7 Rd8 38. Nd2 Kf8 39. Re3 Bg5 40. Re2 Kf7 41. Nc4
Bf6 42. Na3 Rc8 43. Nb5 Rd8 44. Kf1 Bg5 45. Nc7 Rc8 46. Ke1 h5 47. Kd1 Rb8 48.
Kc2 Rc8 49. Kb3 Rb8 50. Ka3 Bh4 51. g3 Bg5 52. h4 Bf6 53. b4 Rd8 54. Ne6 cxb4+
55. cxb4 axb4+ 56. Kxb4 Rc8 57. Ng5+ Kg7 58. Re7+ Bxe7 59. dxe7 Nf6 60. Rd8 Rc2
61. e8=Q Nxe8 62. Rxe8 Rb2+ 63. Kc4 Rxf2 64. Re7+ Kf8 65. Re6 Ra2 66. Kb5 Rb2+
67. Ka6 Ra2 68. Rxg6 Rxa4+ 69. Kxb6 Ra3 70. Kc5 Ke7 71. Rg7+ Kf8 72. Ne6+ Ke8
73. Nf4 Ra5+ 74. Kd6 Kf8 75. Ne6+ Ke8 76. Re7# 1-0

[Event "XXV OOM - Mistrzostwa Polski Juniorow Mlodszych - Dziewczeta do lat 14"]
[Site "Sielpia"]
[Date "1899-12-30"]
[Round "5.9"]
[White "Trybus, Dominika"]
[Black "Mezykowska, Emilia"]
[Result "0-1"]
[WhiteTitle "II+"]
[BlackTitle "I"]
[WhiteElo "1219"]
[BlackElo "1579"]

1. e4 e5 2. Nf3 Nc6 3. d4 exd4 4. c3 d5 5. exd5 Qxd5 6. cxd4 Bg4 7. Be2 O-O-O 8.
Nc3 Qd7 9. O-O Nf6 10. Be3 Nd5 11. a3 h6 12. Na4 f5 13. b4 f4 14. Bd2 g5 15. Nc5
Bxc5 16. bxc5 Bh5 17. Rb1 g4 18. Qb3 Qe6 19. Qxb7+ Kd7 20. Ne5+ Nxe5 21. dxe5
f3 22. c6+ Ke7 23. Bb4+ Nxb4 24. Qxb4+ Ke8 25. Bc4 Qe7 26. Qc3 fxg2 27. Rfd1 Rxd1+
28. Rxd1 g3 29. Rd3 gxf2+ 30. Kxg2 Be2 31. Rf3 Bxf3+ 32. Qxf3 Qg5+ 33. Kh3 Rf8
34. Qd1 Qe3+ 35. Kg2 Qe4+ 36. Kg3 Qxe5+ 37. Kh3 Qf5+ 38. Kg3 Qe5+ 39. Kh3 Qf5+
40. Kg2 f1=Q+ 41. Bxf1 Qxf1+ 42. Qxf1 Rxf1 43. Kxf1 Ke7 44. Kf2 Kd6 45. Ke3 Kxc6
46. Kd4 Kb5 47. h4 c5+ 48. Kc3 Ka4 49. Kc4 Kxa3 50. Kxc5 Kb3 51. Kb5 Kc3 52. Ka6
Kd4 53. Kxa7 Ke4 54. Kb6 Kf4 55. Kc5 Kg4 56. Kd4 Kxh4 57. Ke3 Kg3 58. Ke2 Kg2
59. Ke3 h5 60. Kf4 h4 61. Kg4 h3 62. Kh4 h2 63. Kg4 h1=Q 64. Kf4 Qh4+ 65. Ke5
Kf3 66. Kd5 Ke3 67. Kc5 Kd3 68. Kd5 Qg5+ 69. Ke6 Kd4 70. Kd6 Qf6+ 71. Kd7 Kc5
72. Ke8 Qg7 73. Kd8 Kd6 74. Kc8 Qc7# 0-1

[Event "XXV OOM - Mistrzostwa Polski Juniorow Mlodszych - Dziewczeta do lat 14"]
[Site "Sielpia"]
[Date "1899-12-30"]
[Round "5.10"]
[White "Mroz, Lena"]
[Black "Miranowska, Anna"]
[Result "1-0"]
[WhiteTitle "I++"]
[BlackTitle "I"]
[WhiteElo "1573"]
[BlackElo "1331"]

1. e4 c6 2. d4 d5 3. Nc3 dxe4 4. Nxe4 Bf5 5. Ng3 Bg6 6. N1e2 e6 7. Nf4 Bd6 8. c3
Qc7 9. Qf3 Ne7 10. h4 h6 11. Nxg6 Nxg6 12. h5 Ne7 13. Ne4 Nd7 14. Bd3 O-O 15.
Bd2 a5 16. g4 e5 17. g5 exd4 18. cxd4 Bb4 19. O-O-O Bxd2+ 20. Rxd2 c5 21. gxh6
cxd4+ 22. Rc2 Qb6 23. hxg7 Qh6+ 24. Kb1 Qxg7 25. h6 Qg6 26. Nc5 Ne5 27. Qh3 Nxd3
28. Nxd3 Qf5 29. Qg3+ Qg6 30. Qe5 Nf5 31. h7+ 1-0

[Event "XXV OOM - Mistrzostwa Polski Juniorow Mlodszych - Dziewczeta do lat 14"]
[Site "Sielpia"]
[Date "1899-12-30"]
[Round "5.11"]
[White "Slusarczyk, Milena"]
[Black "Olszewska, Wiktoria"]
[Result "1-0"]
[WhiteTitle "I+"]
[BlackTitle "I"]
[WhiteElo "1509"]
[BlackElo "1306"]

1. e4 c5 2. Nf3 d6 3. d4 cxd4 4. Nxd4 Nf6 5. Nc3 Nc6 6. g3 g6 7. Bg2 Nxd4 8. Qxd4
Bg7 9. Qd1 O-O 10. O-O Nd7 11. Nd5 Nc5 12. c3 e6 13. Nb4 Qc7 14. Bf4 Rd8 15. Qd2
a5 16. Nc2 b6 17. Rad1 Bf8 18. Bg5 Rd7 19. Nd4 Bb7 20. Rfe1 d5 21. e5 Bg7 22.
Bf6 Ne4 23. Bxe4 dxe4 24. h4 Bxf6 25. exf6 Qe5 26. Nf3 Rxd2 27. Nxe5 Rad8 28.
Rxd2 Rxd2 29. Nc4 Rc2 30. Rd1 h6 31. Rd8+ Kh7 32. Rd7 Rc1+ 33. Kh2 e3 34. Rxf7+
Kg8 35. Rxb7 e2 36. Ne5 Rh1+ 37. Kg2 e1=Q 38. Rg7+ Kf8 39. Nxg6+ Ke8 40. f7+ Kd7
41. f8=Q+ Kc6 42. Qe8+ Kd5 43. Qb5+ Ke4 44. Qc4+ Kf5 45. Qf4# 1-0